Formación del profesorado : necesidades y demandas /

Сохранить в:
Библиографические подробности
Главный автор: García Llamas, José Luis (autor)
Формат:
Язык:испанский
Опубликовано: Barcelona, España : Praxis, 1999, c1999
Серии:(Monografías Escuela Española. Didáctica y Pedagogía)
Предметы:
Метки: Добавить метку
Нет меток, Требуется 1-ая метка записи!

MARC

LEADER 00000nam^a2200000^a^4500
001 000187869
005 20250521000000.0
009 20260310102317.597
020 |a 84-7197-556-4 
037 |a Acervo ITESO - Biblioteca 
041 |a ESP 
082 |a 370. 710946  |b GAR 
100 |a García Llamas, José Luis  |e (autor) 
245 1 0 |a Formación del profesorado :  |b necesidades y demandas /  |c J.L. García Llamas. 
264 4 |a Barcelona, España :  |b Praxis,  |c 1999, c1999 
300 |a 242 p. 
336 |a texto  |b txt  |2 rdacontenido 
337 |a sin mediación  |b n  |2 rdamedio 
338 |a volumen  |b nc  |2 rdasoporte 
440 1 |a (Monografías Escuela Española.  |p Didáctica y Pedagogía) 
649 |a XX 
650 |a Profesores -  |z España -  |x Condiciones Laborales 
650 |a Reforma Educativa -  |z España 
650 |a Modernización Educativa -  |z España 
650 |a Calidad de la Educación -  |z España 
650 |a Práctica Educativa -  |z España 
650 |a Formación y Capacitación de Profesores -  |z España 
650 |a Formación y Capacitación Laboral -  |z España 
650 |a Desarrollo Profesional -  |z España 
650 |a Recursos Humanos -  |z España 
650 |a Administración Educativa -  |z España 
650 |a Educación Primaria -  |z España 
650 |a Educación Media Básica -  |z España 
650 |a Educación Permanente -  |z España 
910 |a Fondo General 
920 |a Impresos - Libros 
930 |a Colección General 
905 |a 101 
901 |a 0500129952  |b IT1  |c ACC  |u 20250521 
902 |a https://opac.biblio.iteso.mx/vufind/Record/000187869